Every Artist To Feature On A Roddy Ricch Album - Statistics

General Stats
  • This quiz has been taken 4 times
  • The average score is 7 of 15
Answer Stats
album track artist % Correct
LIVE LIFE FAST Moved to Miami Lil Baby
100%
LIVE LIFE FAST All Good Future
75%
LIVE LIFE FAST Don't I Gunna
75%
Feed Tha Streets III Twin Lil Durk
75%
LIVE LIFE FAST Paid My Dues Takeoff
75%
LIVE LIFE FAST No Way Jamie Foxx
50%
Please Excuse Me for Being Antisocial High Fashion Mustard
50%
LIVE LIFE FAST Hibachi 21 Savage
25%
Please Excuse Me for Being Antisocial Tip Toe A Boogie wit da Hoodie
25%
LIVE LIFE FAST Murda One Fivio Foreign
25%
LIVE LIFE FAST Hibachi Kodak Black
25%
Please Excuse Me for Being Antisocial Peta Meek Mill
25%
Feed Tha Streets III #1 Freak Ty Dolla $ign
25%
LIVE LIFE FAST Slow It Down Alex Isley
0%
Feed Tha Streets Plottin GoGetta KB
0%
No matching quizzes found
Score Distribution
Percent of People with Each Score
Percentile by Number Answered
Your Score History
You have not taken this quiz